000
00329nam a22001337a 4500
008
250411b |||||||| |||| 00| 0 eng d
020
_a
0262200716
050
_a
HD2326
_b
.T57
100
_a
TIRODE Jean
245
_a
The Theory of Industrial Organization
260
_a
London
_b
The MIT Press
_c
1988
300
_a
478p.
942
_c
BK
999
_c
2943
_d
2943